|
|
|
|
| LEADER |
006510000a22001930004500 |
| 020 |
|
|
|a 0-13-541441-5
|
| 082 |
|
|
|a 822.330 09 MAC L7
|
| 100 |
|
|
|a Hawkes, Terence
|f Ed
|
| 245 |
|
|
|a Twentieth century interpretations of Macbeth: a collection of critical essays
|
| 260 |
|
|
|a New Jersey, Prentice Hall
|
| 260 |
|
|
|c 1977
|
| 490 |
|
|
|a Twentieth century interpretations
|
| 650 |
|
|
|a Criticism
|
| 650 |
|
|
|a Drama
|
| 650 |
|
|
|a English literature
|
| 650 |
|
|
|a Shakespeare, William
|
| 942 |
|
|
|c BK
|
| 999 |
|
|
|c 134018
|d 134014
|
| 952 |
|
|
|0 0
|1 0
|4 0
|6 822_330000000000000_09_MAC_L7
|7 0
|9 132931
|a SCP
|b SCP
|d 2014-02-11
|l 0
|o 822.330 09 MAC L7
|p SCP01963
|r 2014-02-11
|w 2014-02-11
|y BK
|